Zürich Linie 33 - Statistiken

Allgemein
  • Dieses Quiz wurde 9 mal gespielt
  • Das Durchschnittsergebnis liegt bei 10 aus 34
Antwortstatistiken
33 % Korrekt
Triemli
80%
Hegibachplatz
60%
Albisriederplatz
40%
Bahnhof Hardbrücke
40%
Bahnhof Tiefenbrunnen
40%
Bahnhof Wipkingen
40%
Botanischer Garten
40%
Hardplatz
40%
Kirche Fluntern
40%
Klusplatz
40%
Rosengartenstrasse
40%
Sackzelg
40%
Schaffhauserplatz
40%
Spyriplatz
40%
Toblerplatz
40%
Altes Krematorium
20%
Bethanien
20%
Escher-Wyss-Platz
20%
Freiestrasse
20%
Fröhlichstrasse
20%
Hofstrasse
20%
Hölderlinsteig
20%
Höschgasse
20%
Hubertus
20%
In der Ey
20%
Klosbach
20%
Nürenbergstrasse
20%
Rotbuchstrasse
20%
Scheuchzerstrasse
20%
Schiffbau
20%
Schulhaus Altweg
20%
Seilbahn Rigiblick
20%
Vogelsangstrasse
20%
Wildbachstrasse
20%
Keine übereinstimmenden Quizze gefunden
Verteilung der Resultate
Anzahl Personen mit jedem Resultat
Perzentil nach korrekt beantworteten Fragen
Ihre Resultats-Entwicklung
Sie haben dieses Quiz noch nicht gespielt